00665nam a2200193 i 4500001000700000003000900007005001700016007000300033008004100036100002600077245007800103260003800181300003500219650002900254700002600283852002200309999001900331952012100350101409ES-MaACL20250814045707.0t|051018s1955 fr ||||1| fre d1 aMazet, Robert.97947410aMecánique vibratoire / cpar Robert Mazet; préface de M. Maurice Roy. aParis : bCh. Béranger, c1955. aXIV, 280 p. : bil. ; c25 cm.07aMecánica2embne9148691 aRoy, Maurice.9100205 aES-MaACLjC-10894 c101409d101409 00104070aATENEOMbATENEOMcSPALd2008-01-17eSCl0oC-10894p1105876r2023-02-23 00:00:00w2023-02-23yMONOGRAFIA